La femme criminelle et la prostituée / (Record no. 157947)

MARC details
000 -LEADER
campo de control de longitud fija 00960nam a22002415i 4500
001 - NÚMERO DE CONTROL
campo de control 157947
003 - IDENTIFICADOR DE NÚMERO DE CONTROL
campo de control ES-MaACL
005 - FECHA Y HORA DE LA ÚLTIMA TRANSACCIÓN
campo de control 20251205142234.0
008 - DATOS DE LONGITUD FIJA--INFORMACIÓN GENERAL
campo de control de longitud fija 990705s1896 fr f |||| | fre d
040 ## - FUENTE DE CATALOGACIÓN
Centro catalogador/agencia de origen CCPB | B
Lengua de catalogación spa
Centro/agencia transcriptor CCPB | B
100 1# - ENTRADA PRINCIPAL--NOMBRE DE PERSONA
Nombre de persona Lombroso, Cesare,
Fechas asociadas al nombre 1835-1909
9 (RLIN) 242173
245 13 - MENCIÓN DEL TÍTULO
Título La femme criminelle et la prostituée /
Mención de responsabilidad, etc. par C. Lombroso et G. Ferrero ; traduction de l'italien par Louis Meille ; revue par Saint-Aubin.
260 ## - PUBLICACIÓN, DISTRIBUCIÓN, ETC.
Lugar de publicación, distribución, etc. Paris :
Nombre del editor, distribuidor, etc. Ancienne Librairie Germer Baillière et C\pie\s, Félix Alcan, éditeur,
Fecha de publicación, distribución, etc. 1896.
300 ## - DESCRIPCIÓN FÍSICA
Extensión XVI, 679 p., XIII h. de grab. pleg. ;
Dimensiones 23 cm.
650 #4 - PUNTO DE ACCESO ADICIONAL DE MATERIA--TÉRMINO DE MATERIA
Término de materia o nombre geográfico como elemento de entrada Crimen y criminales.
9 (RLIN) 11417
650 #4 - PUNTO DE ACCESO ADICIONAL DE MATERIA--TÉRMINO DE MATERIA
Término de materia o nombre geográfico como elemento de entrada Prostitución.
9 (RLIN) 16507
650 #7 - PUNTO DE ACCESO ADICIONAL DE MATERIA--TÉRMINO DE MATERIA
Término de materia o nombre geográfico como elemento de entrada Mujeres
Fuente del encabezamiento o término embne
9 (RLIN) 15251
700 1# - ENTRADA AGREGADA--NOMBRE PERSONAL
Nombre de persona Meille, Louise.
9 (RLIN) 129796
700 0# - ENTRADA AGREGADA--NOMBRE PERSONAL
Nombre de persona Ferrero, Guglielmo.
9 (RLIN) 50546
700 1# - ENTRADA AGREGADA--NOMBRE PERSONAL
Nombre de persona Saint-Aubin, Charles-Germain de,
Fechas asociadas al nombre 1721-1786
9 (RLIN) 154025
852 ## - LOCALIZACIÓN
Ubicación ES-MaACL
Número de control de estantería B-6854
Nota libre -- Enc. hol.
Holdings
Estatus retirado Estado de pérdida Estado de daño No para préstamo Colección Biblioteca de origen Biblioteca actual Ubicación en estantería Fecha de adquisición Fuente de adquisición Total de préstamos Signatura topográfica completa Código de barras Visto por última vez Precio de reemplazo Tipo de ítem Koha
        Libros del s. XIX Biblioteca del Ateneo de Madrid Biblioteca del Ateneo de Madrid Sala Pardo Bazán 17/01/2008     B-6854 1165302 23/02/2023 23/02/2023 Libro impreso antiguo